Contabilidad de costos: enfoque gerencial / Charles T. Horgren, Srikant M. Datar y George Foster (Registro nro. 10045)

Detalles MARC
000 -LEADER
fixed length control field 00652nam a22002171a 4500
001 - CONTROL NUMBER
control field 10045
003 - CONTROL NUMBER IDENTIFIER
control field OSt
005 - DATE AND TIME OF LATEST TRANSACTION
control field 20260204212143.0
008 - FIXED-LENGTH DATA ELEMENTS--GENERAL INFORMATION
fixed length control field 070812s2007||||mx ||||||b||||||||||spa||
020 ## - NUMERO DE LIBRO INTERNACIONAL NORMALIZADO
International Standard Book Number 9702607612
050 ## - LIBRARY OF CONGRESS CALL NUMBER
Classification number 657.42 H784c
100 ## - ASIENTO PRINCIPAL -- NOMBRE PERSONAL
Personal name Horgren, Charles T.
245 ## - TÍTULO PROPIAMENTE DICHO: SUBTÍTULO
Title Contabilidad de costos: enfoque gerencial / Charles T. Horgren, Srikant M. Datar y George Foster
250 ## - MENCIÓN DE EDICIÓN
Edition statement 12
264 ## - PRODUCTION, PUBLICATION, DISTRIBUTION, MANUFACTURE, AND COPYRIGHT NOTICE
Place of production, publication, distribution, manufacture México : Pearson Educación
300 ## - PHYSICAL DESCRIPTION
Extensión 868 p.
500 ## - GENERAL NOTE
General note Incluye índice, bibliografía y apéndice
650 ## - ASIENTO SECUNDARIO DE MATERIA -- TERMINO TEMÁTICO
Termino Temático Como Elemento de Entrada Contabilidad de Costos.
700 ## - ASIENTO SECUNDARIO -- NOMBRE PERSONAL
Personal name Datar,Srikant M. II.Foster, George, III. Tít.Ì
942 ## - ADDED ENTRY ELEMENTS (KOHA)
Source of classification or shelving scheme Dewey Decimal Classification
Koha item type Libros
Existencias
Withdrawn status Lost status Source of classification or shelving scheme Damaged status Not for loan Current library Date acquired Total Checkouts Full call number Barcode Date last seen Price effective from Koha item type
    Dewey Decimal Classification     Biblioteca UTECO 09/09/2019   657.42 H784C 012937 09/09/2019 09/09/2019 Libros
    Dewey Decimal Classification     Biblioteca UTECO 09/09/2019   657.42 H784C 012938 09/09/2019 09/09/2019 Libros
© 2021 Derechos Reservados UTECO - Teléfono: +1 809-585-2291 - Correo electrónico: biblioteca@uteco.edu.do​  
Código postal 43000 ​​
Dirección: Avenida Universitaria No. 100, 
Cotuí, Provincia Sánchez Ramírez, República Dominicana - RNC: 404-00059-6